000 00508nam a2200181Ia 4500
001 23049
005 20260414150911.0
008 260414t2001||||xx |||||||||||||| ||spa||
041 _aESP
082 _a624.18
_bA122 V. 1
100 _aAddleson, Lyall
_eAUT
245 0 _aMateriales para la construcción :
_baspectos físicos y químicos de la materia y estructura de los materiales
260 _c2001
300 _a183 páginas :
_c30 cm.
650 _a0
654 _aCIC
942 _cLIB
_dJUS
_fJUS
_2ddc
_n
999 _c23049
_d23049